Vplyv geopolitických rizík na vývoj finančných trhov diplomová práca

Salvato in:
Dettagli Bibliografici
Autore principale: Kondrc, Dávid
Ente Autore: Národohospodárska fakulta EU. Katedra bankovníctva a medzinárodných financií
Altri autori: Cupak, Andrej, 1988-
Natura: Libro
Lingua:slovacco
Pubblicazione: Bratislava 2025
Tags: Aggiungi Tag
Nessun Tag, puoi essere il primo ad aggiungerne!!

MARC

LEADER 00000nbm a2200000 4500
001 0309234
005 20260109103118.7
041 0 |a slo 
044 |a SK 
245 1 0 |a Vplyv geopolitických rizík na vývoj finančných trhov  |b diplomová práca  |c Dávid Kondrc ; školiteľ: Andrej Cupak 
264 1 |a Bratislava  |c 2025 
300 |a 62 s. 
100 1 |a Kondrc, Dávid 
700 1 |a Cupak, Andrej, 1988- 
710 2 |a Národohospodárska fakulta EU. Katedra bankovníctva a medzinárodných financií